书目信息 |
| 题名: |
抗体的结构与功能
|
|
| 作者: | 斯图尔德 , Steward 著 ;张世馥 译 | |
| 分册: | ||
| 出版信息: | 北京 科学出版社 1987 |
|
| 页数: | 113页 | |
| 开本: | 19cm | |
| 丛书名: | 生物学研究概说 | |
| 单 册: | ||
| 中图分类: | R392.11 , R371.4 | |
| 科图分类: | ||
| 主题词: | 抗体 , 抗体形成 , 医药学:微生物学 | |
| 电子资源: | ||
| ISBN: | ||
| 000 | 00893nam2 2200325 45 | |
| 001 | 0187009702 | |
| 005 | 20040524094035.0 | |
| 010 | @dCNY0.92 | |
| 091 | @a13031.3586 | |
| 100 | @a19900808d1987 kemy0chiy0121 ea | |
| 101 | 1 | @achi@ceng |
| 102 | @aCN@b110000 | |
| 105 | @ay z 000yy | |
| 106 | @ar | |
| 200 | 10 | @a抗体的结构与功能@Akang ti de jie gou yu gong neng@f(英)斯图尔德(Steward,U.W.)著@g张世馥译 |
| 210 | @a北京@c科学出版社@d1987 | |
| 215 | @a113页@d19cm | |
| 225 | 2 | @a生物学研究概说 |
| 410 | 0 | @120010@a生物学研究概说 |
| 606 | @a抗体 | |
| 606 | @a抗体形成 | |
| 606 | 0 | @a医药学:微生物学 |
| 690 | @aR392.11@v3 | |
| 690 | @aR371.4 | |
| 701 | 1 | @a斯图尔德@Asi tu er de@bU.W.@4著 |
| 701 | A1 | @aSteward@bU.W.@4著 |
| 702 | 0 | @a张世馥@Azhang shi fu@4译 |
| 801 | 0 | @aCN@b深圳图书馆@c20040524 |
| 801 | 2 | @aCN@bNLC@c20040524 |
| 905 | @f2@b215002-003@dR371.4@e38 | |
| 抗体的结构与功能/(英)斯图尔德(Steward,U.W.)著/张世馥译.-北京:科学出版社,1987 |
| 113页;19cm.-(生物学研究概说) |
| ISBN :CNY0.92 |
| ● |
| 相关链接 |
|
|
|
|
正题名:抗体的结构与功能
索取号:R371.4/38
 
预约/预借
| 序号 | 登录号 | 条形码 | 馆藏地/架位号 | 状态 | 备注 |
| 1 | 0215002 | 000713491 | 密集书库/ [索取号:R371.4/38] | 在馆 | |
| 2 | 0215003 | 000713507 | 密集书库/ [索取号:R371.4/38] | 在馆 | |
| 3 | 0215004 | 000713455 | 第二样本阅览室/ [索取号:R371.4/38] | 在馆 |